• 首页
  • 本馆介绍
  • 公告通知
  • 最新文献
  • 馆藏检索
  • 电子资源
  • 读者导购
  • 参考咨询
  • 我的图书馆
  • 登录
  • 详细信息显示
  • 放入我的书架
  • 预约/预借图书
  • 作者相关作品
  • 分类相关作品
  • 丛书相关作品
  • 出版社相关作品

书目信息

  • 表格格式
  • 工作单格式
  • 卡片格式
题名:
母婴关系
    
 
作者: 斯特恩 著 ;杨昌勇 , 杨小刚 译
分册:  
出版信息: 北京   世界图书出版有限公司北京分公司  2018.05
页数: 208页
开本: 21cm
丛书名:
单 册:
中图分类: B844.12 , B844.1
科图分类:
主题词: 婴幼儿心理学--ying you er xin li xue
电子资源:
ISBN: 978-7-5192-4502-3
000 01230nam0 2200313 450
001 2228304797
005 20220922075348.37
010    @a978-7-5192-4502-3@dCNY39.80
100    @a20180920d2018 em y0chiy50 ea
101 1  @achi@ceng
102    @aCN@b110000
105    @ay a 000yy
200 1  @a母婴关系@Amu ying guan xi@e人生第一步@f(美) 丹尼尔·斯特恩著@g杨昌勇, 杨小刚译
210    @a北京@c世界图书出版有限公司北京分公司@d2018.05
215    @a208页@d21cm
312    @a英文题名取自版权页
314    @a斯特恩, 美国著名精神病学家和精神分析理论家。
320    @a有书目
330    @a本书作者运用微观研究方法, 对母亲与婴儿之间的互动进行了解析, 用行为观察的例子说明了几类母亲调节婴儿行为失败的情况 —— 刺激不足、刺激过度、刺激反常, 为母婴互动提供了一些可行的建议。
500 10 @aFirst relationship : infant and mother, with a new introduction@mChinese
517 1  @a人生第一步@Aren sheng di yi bu
606 0  @a婴幼儿心理学@Aying you er xin li xue
690    @aB844.12@v5
690    @aB844.1@v4
701  1 @a斯特恩@Asi te en@g(Stern, Daniel N.),@f1934-2012@4著
702  0 @a杨昌勇@Ayang chang yong@4译
702  0 @a杨小刚@Ayang xiao gang@4译
801  0 @aCN@b人天书店@c20180920
905    @aZUCC@dB844.1@e130
    
    母婴关系:人生第一步/(美) 丹尼尔·斯特恩著/杨昌勇, 杨小刚译.-北京:世界图书出版有限公司北京分公司,2018.05
    208页;21cm
    
    
    ISBN 978-7-5192-4502-3:CNY39.80
    本书作者运用微观研究方法, 对母亲与婴儿之间的互动进行了解析, 用行为观察的例子说明了几类母亲调节婴儿行为失败的情况 —— 刺激不足、刺激过度、刺激反常, 为母婴互动提供了一些可行的建议。
●
相关链接 在五车中查询图书 在当当中查询图书 在豆瓣中查询图书


正题名:母婴关系     索取号:B844.1/130         预约/预借

序号 登录号 条形码 馆藏地/架位号 状态 备注
1 2000895702   2000895702   第三书库/ [索取号:B844.1/130] 在馆    
2 2000895703   2000895703   第三书库/ [索取号:B844.1/130] 在馆    
3 2000895704   2000895704   第三书库/ [索取号:B844.1/130] 已借出,限还日期为2026.07.23
借出人:张慧琳  
 
山东省滨州职业学院图书馆 欢迎您!
大连网信软件有限公司© 版权所有